00000000cam 2200000za 4500
0019.856191
003CaOODSP
00520241203113642
007cr |||||||||||
008180504s2008    oncdb||#o    f00| 0 eng d
020 |a978-0-662-48792-0
040 |aCaOODSP|beng
043 |an-cn-nt
0861 |aCW69-1/115E-PDF
1001 |aSamelius, Gustaf.
24510|aProductivity of lesser snow geese on Banks Island, Northwest Territories, Canada, in 1995–1998 |h[electronic resource] / |cGustaf Samelius, Ray T. Alisauskas, James E. Hines.
260 |aOttawa : |bCanadian Wildlife Service, |c2008.
300 |a33 p. : |bcharts, maps.
4901 |aOccasional paper ; |vno. 115
500 |a"June 2008."
500 |aIssued also in French under title: La productivité des petites oies des neiges sur l'île Banks (Territoires du Nord-Ouest), Canada, de 1995 à 1998.
504 |aIncludes bibliographical references.
5203 |a"We estimated that 264 000–452 000 Lesser Snow Geese Chen caerulescens caerulescens nested at Egg Riveron Banks Island, Northwest Territories, in 1995–1998. This was about twice as many geese as was reported nesting there in the 1980s, and we estimated that the nesting population grew by 4.2% per year from 1953 to 1998"--Abstract.
530 |aIssued also in print format.
69207|2gccst|aBirds
69207|2gccst|aPopulation
69207|2gccst|aProductivity
693 4|aSnow goose
7001 |aAlisauskas, Ray T., |d1956-
7001 |aHines, James Edward.
7101 |aCanada. |bEnvironment Canada.
7102 |aCanadian Wildlife Service.
77508|tLa productivité des petites oies des neiges sur l’île Banks (Territoires du Nord-Ouest), Canada, de 1995 à 1998 |w(CaOODSP)9.856690
7760#|tProductivity of Lesser Snow Geese on Banks Island, Northwest Territories, Canada, in 1995-1998 / |w(CaOODSP)9.618763
830#0|aOccasional paper (Canadian Wildlife Service)|vno. 115|w(CaOODSP)9.504780
85640|qPDF|s1.08 MB|uhttps://publications.gc.ca/collections/collection_2018/eccc/CW69-1-115-eng.pdf